Movies Quiz

Random Movies or Quote Quiz

Actor by Movie Quote Quiz Stats

 Plays Quiz Updated Jul 9, 2018

Score 0/27 Timer 06:00
0 Plays Today
Quote Actor % Correct
'Houston, we have a problem.'Tom Hanks
84.3%
'I'm the king of the world!'Leonardo DiCaprio
79.1%
'Toto, I've a feeling we're not in Kansas anymore.'Judy Garland
78.6%
'Say 'hello' to my little friend!'Al Pacino
76%
'Go ahead, make my day'Clint Eastwood
70.4%
'You can't handle the truth!'Jack Nicholson
69.9%
'I have nipples, Greg. Could you milk me?'Robert DeNiro
67.8%
'Nobody puts Baby in a corner.'Patrick Swayze
60.1%
'I'll be back.'Arnold Schwarzenegger
58.3%
'Life's a box of chocolates, Forrest. You never know what you're gonna get.'Sally Field
53.2%
'Here's looking at you, kid.'Humphrey Bogart
48.8%
'Funny like I'm a clown? I amuse you?'Joe Pesci
44.9%
'I coulda had class. I coulda been a contender.'Marlon Brando
44.8%
'Good morning, and in case I don't see ya, good afternoon, good evening, and good night!'Jim Carrey
42.9%
Quote Actor % Correct
'Take your stinking paws off me, you damn dirty ape.'Charlton Heston
42.8%
'I can't believe I gave my panties to a geek.'Molly Ringwald
39.2%
'Rehabilitated? Well, now let me see. You know, I don't have any idea what that means.'Morgan Freeman
36.8%
'It's all for nothing if you don't have freedom.'Mel Gibson
34.2%
'The greatest trick the devil ever pulled was convincing the world he didn't exist.'Kevin Spacey
33.7%
'They call me Mister Tibbs!'Sidney Poitier
29.8%
'I love the smell of napalm in the morning.'Robert Duvall
27.2%
'That's what I love about these high school girls, man: I get older, they stay the same age.'Matthew McConaughey
26%
'Gentlemen, you can't fight in here. This is the War Room!'Peter Sellers
24.1%
'And I guess that was your accomplice in the wood chipper.'Frances McDormand
23%
'After all, tomorrow is another day!'Vivien Leigh
19.9%
'All right, Mr. DeMille, I'm ready for my close-up.'Gloria Swanson
10.9%
'Obviously you're not a golfer.'Jeff Bridges
10.2%

You're not logged in!

Compare scores with friends on all Sporcle quizzes.
OR
Log In

You Might Also Like...

Show Comments

Extras

Top Quizzes Today


Score Distribution

Your Account Isn't Verified!

In order to create a playlist on Sporcle, you need to verify the email address you used during registration. Go to your Sporcle Settings to finish the process.

Report this User

Report this user for behavior that violates our Community Guidelines.

Details: